| 000 | 00507nam a2200157Ia 4500 | ||
|---|---|---|---|
| 003 | IQ-KOUCL | ||
| 041 | _aArabic | ||
| 082 | _a210,72 cut-25 ب | ||
| 100 | _a20260118u\\\\\\\\\\\y0engy0103\\\\ba | ||
| 100 | _aالشيخ عبدالعزيز بن عبدالله بن باز | ||
| 245 | 0 | _aمختارات من كتاب مجموع فتاوى ومقالات متنوعة | |
| 250 | _aط1 | ||
| 260 |
_bجمعية احياء التراث الاسلامي _aالكويت _c2022 |
||
| 300 | _a512 | ||
| 942 | _cBk | ||
| 999 |
_c186343 _d186343 |
||